000 00718nam a2200229 u 4500
005 20220815090813.0
008 170616s2015 mx r 000 0 spa d
020 _a9786079475154
035 _aUPN01000218803
049 _aCG
050 4 _aF2729
_bD8.3
100 1 _aDutrénit Bielous, Silvia
_940727
245 1 0 _aAquellos niños del exilio :
_bcotidianidades entre Cono Sur y México /
_cSilvia Dutrénit Bielous.
260 _aMéxico :
_bInstituto Mora :
_bCONACYT,
_c2015.
300 _a454 p. :
_bil.
440 0 _aTestimonios
650 4 _aEXILIADOS -
_zAMERICA DEL SUR
_926067
650 4 _aREFUGIADOS POLITICOS
_926068
650 7 _aExiliados
_zMéxico
_2
_926069
905 _aLibro
999 _c190903
_d190903